00347nam a2200109Ia 4500008004100000041000800041100001400049245004000063260002000103999001900123952009500142230508s1998    xx            000 0 und d  aeng  aJAIN P.L.  aTOOL ENGG.FOR METAL CASTING PROCESS  bSTAND PUBc1998  c342540d342540  00104070aITPbITPd2023-05-09g85.00l0pITP-16062r2023-05-09 00:00:00w2023-05-09yBK